000 00237nam a22000977a 4500
999 _c11758
_d11758
008 200114b ||||| |||| 00| 0 eng d
020 _a0590624474
100 _aLionni Leo
_97435
245 _aSix Crows
260 _aNew York
_bScholastic
_c1995